000 00546nam a22001937a 4500
999 _c5814
_d5814
003 AR-CdUCM
008 190313b ||||| |||| 00| 0 spa d
040 _aMUNICIPALIDAD PROVINCIAL DEL CUSCO
_cBIBLIOTECA MUNICIPAL DEL CUSCO
082 _a869.56 /
_bD67
100 _aDíaz Herrera, Jorge
_91241
245 _aParque de leyendas /
260 _aLima :
_bINC,
_c1977.
300 _a77 páginas ;
_bImágenes.
_c17 cm.
505 _aCuentos.
650 _aCuentos.
_9217
650 _aCuentos peruanos.
_97
942 _2ddc
_cLIBROS
945 _awfj